| 000 | 00522nam a2200193Ia 4500 | ||
|---|---|---|---|
| 005 | 20250508154502.0 | ||
| 008 | 008 250505s9999 xx 000 0 eng d | ||
| 037 | _aTextual | ||
| 040 |
_aFEDL _beng _cFEDL |
||
| 041 |
_aeng _2eng |
||
| 084 |
_a157.9, SCH _qFEDL |
||
| 100 |
_aSchneider Kurt _9765522 |
||
| 245 | 0 | _aPsychopathic personalities | |
| 260 |
_aLondon, UK _bCassell _c1958 |
||
| 300 | _axiv,163p. | ||
| 650 | _aAbnormal Psychology | ||
| 942 |
_cTEXL _h157.9, SCH |
||
| 999 |
_c1350534 _d1350534 |
||